000 00276nam a22001337a 4500
008 170721b xxu||||| |||| 00| 0 eng d
020 _a3486236318
041 _aeng
080 _a004
100 _a28
101 _aSHKI
245 _aSOFTWARE
_cOLDENBOURG
942 _2udc
_cBK
999 _c21719
_d21719